000 00348nam a22001217a 4500
008 220809b |||||||| |||| 00| 0 eng d
082 _a305.5 ATH
245 _aCourse Pack ATH 204, Political Anthropology Semester III, 2022
260 _aThimphu :
_bRoyal Thimphu College,
_c2022.
300 _a124 p.
_c30 cm.
650 _aCourse Pack
942 _2ddc
999 _c9075
_d9076